Sistemy operativnogo upravlenija diskretnymi proizvodstvami

Salvato in:
Dettagli Bibliografici
Autore principale: Anisimov, Pavel Andrejevič
Altri autori: Maričuk, Michail Nikanorovič
Natura: Libro
Lingua:russo
Pubblicazione: Kišinev Štiinca 1984
Edizione:1. izd.
Tags: Aggiungi Tag
Nessun Tag, puoi essere il primo ad aggiungerne!!

MARC

LEADER 00000nam a2200000 4500
001 c023492
005 20221220090908.4
041 0 |a rus 
044 |a MD 
245 1 0 |a Sistemy operativnogo upravlenija diskretnymi proizvodstvami  |c Pavel Andrejevič Anisimov, Michail Nikanorovič Maričuk 
250 |a 1. izd. 
264 1 |a Kišinev  |b Štiinca  |c 1984 
300 |a 174 s. 
100 1 |a Anisimov, Pavel Andrejevič 
700 1 |a Maričuk, Michail Nikanorovič